Protokol dan etiket dalam pengurusan dan menghadiri majlis / (Record no. 2330)

000 -LEADER
fixed length control field nam a22 a 4500
003 - CONTROL NUMBER IDENTIFIER
control field AKMAL
005 - DATE AND TIME OF LATEST TRANSACTION
control field 20170516095533.0
008 - FIXED-LENGTH DATA ELEMENTS--GENERAL INFORMATION
fixed length control field 170516s2007 my dao e | a001 0 may d
015 ## - NATIONAL BIBLIOGRAPHY NUMBER
National bibliography number M091-01431
020 ## - INTERNATIONAL STANDARD BOOK NUMBER
International Standard Book Number 9789833109272 (kkt.) :
Terms of availability RM68.00
039 #9 - LEVEL OF BIBLIOGRAPHIC CONTROL AND CODING DETAIL [OBSOLETE]
Level of rules in bibliographic description 200912081346
Level of effort used to assign nonsubject heading access points suzilawati
Level of effort used to assign subject headings 200912021114
Level of effort used to assign classification hayati
Level of effort used to assign subject headings 200911260821
Level of effort used to assign classification azril
Level of effort used to assign subject headings 200910141154
Level of effort used to assign classification ariza1
040 ## - CATALOGING SOURCE
Original cataloging agency AKMAL
Transcribing agency AKMAL
082 04 - DEWEY DECIMAL CLASSIFICATION NUMBER
Classification number 395.09595 MOK
Edition number 22
090 00 - LOCALLY ASSIGNED LC-TYPE CALL NUMBER (OCLC); LOCAL CALL NUMBER (RLIN)
Classification number (OCLC) (R) ; Classification number, CALL (RLIN) (NR) 395.09595
Local cutter number (OCLC) ; Book number/undivided call number, CALL (RLIN) MOK
100 0# - MAIN ENTRY--PERSONAL NAME
Personal name Mokhtar Mohd Tohar
9 (RLIN) 3164
245 10 - TITLE STATEMENT
Title Protokol dan etiket dalam pengurusan dan menghadiri majlis /
Statement of responsibility, etc. Mokhtar Mohd Tohar
250 ## - EDITION STATEMENT
Edition statement Ed. baru
260 ## - PUBLICATION, DISTRIBUTION, ETC.
Place of publication, distribution, etc. Kuala Lumpur :
Name of publisher, distributor, etc. Institut Tadbiran Awam Negara,
Date of publication, distribution, etc. 2007
300 ## - PHYSICAL DESCRIPTION
Extent 465ms. ;
Dimensions 23cm.
500 ## - GENERAL NOTE
General note Mengandungi indeks
504 ## - BIBLIOGRAPHY, ETC. NOTE
Bibliography, etc. note Bibliografi: ms. 457-460
650 10 - SUBJECT ADDED ENTRY--TOPICAL TERM
Topical term or geographic name entry element Government etiquette
Geographic subdivision Malaysia
9 (RLIN) 3161
650 20 - SUBJECT ADDED ENTRY--TOPICAL TERM
Topical term or geographic name entry element Precedence
Geographic subdivision Malaysia
9 (RLIN) 3163
650 20 - SUBJECT ADDED ENTRY--TOPICAL TERM
Topical term or geographic name entry element Diplomatic etiquette
Geographic subdivision Malaysia
9 (RLIN) 3162
710 2# - ADDED ENTRY--CORPORATE NAME
Corporate name or jurisdiction name as entry element Institut Tadbiran Awam Negara
9 (RLIN) 410
942 ## - ADDED ENTRY ELEMENTS (KOHA)
Source of classification or shelving scheme
Koha item type Book
Holdings
Withdrawn status Lost status Source of classification or shelving scheme Damaged status Not for loan Collection code Home library Current library Shelving location Date acquired Inventory number Total Checkouts Full call number Barcode Date last seen Date last checked out Price effective from Koha item type
          NON-FICTION AKMAL Melaka AKMAL Melaka PINJAMAN 16.05.2017 306995 3 395.09595 MOK 201706667 23.05.2023 12.04.2023 16.05.2017 Book
          NON-FICTION AKMAL Melaka AKMAL Melaka PINJAMAN 18.01.2023 000258   395.09595 MOK 201708144 18.01.2023   18.01.2023 Book
Pusat Sumber Maklumat Dato' Haji Sarmin Md Hussin, Akademi Kastam Diraja Malaysia, Melaka
Tel: 06-2331106 | Faks: 06-2313787